000 00571nam a2200181Ia 4500
008 100920s9999 xx 000 0 und d
082 _b104297
_a891.43 न 06
100 _aभारती राकेश.
245 _aआयुर्विज्ञान.
260 _bपंकज बुक्स ,दिल्ली.
_c2006
300 _a163
_bसाधी
365 _b30
520 _aहिंदी.
630 _aआयुर्विज्ञान.
650 _aहिंदी.
730 _aआयुर्विज्ञान.
942 _cBOOK
999 _c744729
_d744726